000 00263nam a2200097Ia 4500
082 _a745.72 MUL
245 0 _aBAUERNMALEREI AN OLD FOLKS ART
100 _a MULLER, M. Kaapstad, 1983
_999293
942 _cBK
008 210817s9999 xx 000 0 und d
999 _c421573
_d421572